000 00221 a2200109 4500
001 125460
040 _cEscola Canadense de Niteroi
090 _aL3
100 _aPaes, José Paulo
245 1 0 _aLé Com Cré
942 _cBK
999 _c125460
_d125460